Statistics for country quiz

Click here to take the quiz!

General Stats

  • This quiz has been taken 21 times
  • The average score is 8 of 10

Answer Stats

QuestionAnswer% Correct
longest and thinnest country in the worldChile
100%
which country is smaller than Luxembourg?Nauru
100%
biggest country in Europe (excluding Russia)ukraine
100%
most populated countrychina
84%
which continent is east Timor ( timor Leste) located in?asia
79%
which country is bigger than the UK?guinea
79%
richest country by gdpusa
79%
which country does France have its longest border with?Brazil
63%
which country has most muslims?indonesia
53%
most populated Arab stateEgypt
47%

Score Distribution

Percentile by Number Answered

Percent of People with Each Score

Your Score History

You have not taken this quiz